The ultimate student teaching guide

Guardat en:
Dades bibliogràfiques
Autor principal: DANIELS, Kisha N Patterson, Gerrelyn C Dunston, Yolanda L
Format: Llibre
Idioma:anglès
Publicat: SAGE 2015
Etiquetes: Afegir etiqueta
Sense etiquetes, Sigues el primer a etiquetar aquest registre!

MARC

LEADER 00000nam a22000007a 4500
008 201218b ||||| |||| 00| 0 eng d
020 |a 978-1-4522-9982-2 
100 |a DANIELS, Kisha N  |a Patterson, Gerrelyn C  |a Dunston, Yolanda L 
245 |a The ultimate student teaching guide  |c Kisha N.Daniels, Gerrelyn C. Patterson, Yolanda L. Dunston  |g xiv, 209p., ill. 
250 |b 2ND 
260 |b SAGE  |c 2015  |h Los Angeles  |i 692126  |i 692127  |l LB2157 .U5D22  |m Student teaching - United States - Handbooks, manuals, etc  |m Students teachers – Training of – United States – Handbooks, manuals  
500 |a “It includes bibliographical references and index”. 
942 |a lcc  |c BK  |e O.A.JOHNSON  |f 18/12/20 
952 |0 0  |1 0  |2 lcc  |4 0  |6 LB2157 U5 D22  |7 0  |9 773  |a HOL  |b ED  |c LP  |d 2020-12-18  |l 0  |o LB2157 .U5D22  |p 2020-229988  |r 2020-12-18 00:00:00  |w 2020-12-18  |y BK 
952 |0 0  |1 0  |2 lcc  |4 0  |6 LB2157 U5 D22  |7 0  |9 774  |a HOL  |b HOL  |c LP  |d 2020-12-18  |l 0  |o LB2157 .U5D22  |p 2020-229989  |r 2020-12-18 00:00:00  |w 2020-12-18  |y BK 
999 |c 437  |d 437